Physical kinetics : (Record no. 28889)

000 -LEADER
fixed length control field 01116 a2200217 4500
020 ## - INTERNATIONAL STANDARD BOOK NUMBER
International Standard Book Number 0750626356
020 ## - INTERNATIONAL STANDARD BOOK NUMBER
International Standard Book Number 9780750626354
082 04 - DEWEY DECIMAL CLASSIFICATION NUMBER
Classification number 530.44
090 ## - LOCALLY ASSIGNED LC-TYPE CALL NUMBER (OCLC); LOCAL CALL NUMBER (RLIN)
-- 254
-- 254
100 1# - MAIN ENTRY--PERSONAL NAME
Personal name Pitaevskii, L. P.
245 10 - TITLE STATEMENT
Title Physical kinetics :
Remainder of title .
Number of part/section of a work Volume 10 /
Statement of responsibility, etc. L. P. Pitaevskii, E.M. Lifshitz.
260 ## - PUBLICATION, DISTRIBUTION, ETC.
Place of publication, distribution, etc. [S.l.] :
Name of publisher, distributor, etc. Butterworth-Heinemann,
Date of publication, distribution, etc. 1981.
300 ## - PHYSICAL DESCRIPTION
Extent 452 p. ;
Dimensions 25 cm.
490 1# - SERIES STATEMENT
Series statement Course of theoretical physics.
520 ## - SUMMARY, ETC.
Summary, etc. This volume is mainly concerned with a systematic development of the theory of plasmas, the authority being firmly rooted in the pioneering work of Landau. Corresponding results are also given for partially ionized plasmas, relativistic plasmas, degenerate or non-ideal plasmas and solid state plasmas.
700 1# - ADDED ENTRY--PERSONAL NAME
Personal name Lifshitz, E.M.
830 #0 - SERIES ADDED ENTRY--UNIFORM TITLE
Uniform title Course of theoretical physics.
942 ## - ADDED ENTRY ELEMENTS (KOHA)
Institution code [OBSOLETE] SNS
Koha item type Book
Call number prefix 530.44 LIF
Holdings
Withdrawn status Lost status Damaged status Not for loan Permanent Location Current Location Date acquired Total Checkouts Full call number Barcode Date last seen Price effective from Koha item type
        School of Natural Sciences (SNS) School of Natural Sciences (SNS) 05/26/2016   530.44 LIF SNS0000154 05/26/2016 05/26/2016 Book
        School of Natural Sciences (SNS) School of Natural Sciences (SNS) 05/26/2016   530.44 LIF SNS0000711 05/26/2016 05/26/2016 Book
© 2023 Central Library, National University of Sciences and Technology. All Rights Reserved.